1059 1714 1143 1599 1334 1796 1711 1780 1008 1174 1775 1507 1439 1729 1110 1200 1338 1404 1926 1078 1270 1861 1923 1645 1629 1746 1140 1580 1126 1932 1272 1406 1045 1092 1814 1231 1044 1065 1732 1898 1529 1764 1897 1248 1652 1260 1312 1534 1477 1328 1797 1375 1652 1809 1149 1744 1350 1347 1851 1270 1776 1426 1196 1446 1586 1964 1334 1223 1779 1370 1739 1606 1620 1335 1549 1973 1135 1413 1359 1004 1635 1327 1307 1956 1583 1013 1438 1410 1573 1529 1351 1447 1901 1819 1720 1204 1792 1323 1082 BCNSPRNW ULIB Ver.6.0+V

เปลี่ยนเป็นภาษาไทย

Change to English
 แสดงรายละเอียดบรรณานุกรม
  กลับหน้าหลัก

Brief Record : Get Marc (ISO 2709) : E-mail record : QR code < ปิดหน้าต่าง
LEADER : 00000nam 2200000uu 4500
001    13399124689
003     ULIB
008    160114s2546||||th 000 0 tha d
020    ^a9742962103
060 04 ^aBF511.2^bก469ค
100    ^aกรมสุขภาพจิต กระทรวงสาธารณสุข
245 10 ^aคู่มือฝึกอบรมสำหรับพ่อแม่/ผู้ปกครอง เพื่อพัฒนาความฉลาดทางอารมณ์ ในเด็กอายุ 3-11 ปี/^cกรมสุขภาพจิต กระทรวงสาธารณสุข, ผู้แต่ง
250    ^aพิมพ์ครั้งที่ 2
260    ^aนนทบุรี :^bสำนักงานกิจการโรงพิมพ์องค์การสงเคราะห์ทหารผ่านศึก,^c2546
300    ^a168 หน้า
650  7 ^aพัฒนาการเด็ก
650  7 ^aสุขภาพจิต
945    ^p0^l0^i000228
999    ^aเกษร โพธิ์สุวรรณ
รายการนี้ยังไม่มีแท็ก
คุณยังไม่ได้ล็อกอิน คุณสามารถมีกิจกรรมร่วมกับเว็บไซต์ได้ แต่ต้องล็อกอินก่อน ::
  ล็อกอิน

รายการสื่อสารสนเทศ

ลำดับที่ ประเภท เลขเรียก/บาร์โค้ด สถานที่ สถานะ
- ไม่พบข้อมูล -

รายการใกล้เคียง
    ผู้แต่ง [กรมสุขภาพจิต กระทรวงสาธารณสุข]

    หัวเรื่อง [พัฒนาการเด็ก]
    หัวเรื่อง [สุขภาพจิต]

BibComment


ยังไม่เคยถูกคอมเมนท์

คอมเมนท์ทรัพยากรรายการนี้
  คอมเมนท์: คู่มือฝึกอบรมสำห..


 Copyright 2026. Bcnsprnw @Library